El zorro / (Record no. 27050)

MARC details
000 -LEADER
fixed length control field 00655nam a22002417a 4500
001 - CONTROL NUMBER
control field sjds
003 - CONTROL NUMBER IDENTIFIER
control field sjds
005 - DATE AND TIME OF LATEST TRANSACTION
control field 20220607165250.0
008 - FIXED-LENGTH DATA ELEMENTS--GENERAL INFORMATION
fixed length control field 220607b sp ||||| |||| 00| 0 spa d
020 ## - INTERNATIONAL STANDARD BOOK NUMBER
International Standard Book Number 9788424617226
020 ## - INTERNATIONAL STANDARD BOOK NUMBER
International Standard Book Number 8424617223
040 ## - CATALOGING SOURCE
Transcribing agency sjds
041 ## - LANGUAGE CODE
Language code of text/sound track or separate title spa
100 10 - MAIN ENTRY--PERSONAL NAME
Personal name Duran, Teresa
245 13 - TITLE STATEMENT
Title El zorro /
Statement of responsibility, etc. Teresa Duran; ilustraciones de Alessandra d'Este; [version castellana, Xavier Blanch].
246 ## - VARYING FORM OF TITLE
Title proper/short title El zorro
260 ## - PUBLICATION, DISTRIBUTION, ETC. (IMPRINT)
Place of publication, distribution, etc. Barcelona :
Name of publisher, distributor, etc. La Galera,
Date of publication, distribution, etc. 1995.
300 ## - PHYSICAL DESCRIPTION
Extent [24] p.
Other physical details il. color ;
Dimensions 17 cm.
440 ## - SERIES STATEMENT/ADDED ENTRY--TITLE
Title Cuatro estaciones
700 1# - ADDED ENTRY--PERSONAL NAME
Personal name d'Este, Alessandra
700 1# - ADDED ENTRY--PERSONAL NAME
Personal name Blanch, Xavier
942 ## - ADDED ENTRY ELEMENTS (KOHA)
Koha item type Libro/Book
Holdings
Withdrawn status Lost status Damaged status Not for loan Home library Current library Shelving location Date acquired Inventory number Total Checkouts Full call number Barcode Date last seen Date checked out Price effective from Koha item type Checked out Total Renewals
        San Juan Del Sur -- Mobile Ostional   07/06/2022   2 JNC 33016726 20/02/2024 20/02/2024 07/06/2022 Libro/Book 26/03/2024  
        San Juan Del Sur -- Biblioteca San Juan Del Sur -- Biblioteca Children's Area 07/06/2022 Inventory date: 15-5-25 4 CAJA ESPANOL 30028851 07/01/2026 23/12/2025 07/06/2022 Libro/Book    
        San Juan Del Sur -- Mobile San Juan Del Sur -- Mobile   07/06/2022 Inventory date: 10-2-25 7 JNC 33016727 08/10/2024 08/10/2024 07/06/2022 Libro/Book   1

Powered by Koha